| 000 | 00820nas a2200265 4500 | ||
|---|---|---|---|
| 001 | BR9800308 | ||
| 003 | BR-BrBNA | ||
| 005 | 20231205100657.0 | ||
| 007 | ta | ||
| 008 | 230509b bl.|||p| |||| 00| 00por d | ||
| 040 |
_aBR-BrBNA _bpor _cBiblioteca Nacional de Agricultura |
||
| 041 | _a(Pt) | ||
| 072 | _aF06; P33 | ||
| 100 | 1 | _aPerez Filho, A. | |
| 100 | 1 | _aTestezlaf, R. | |
| 100 | 1 | _aTereso, M.J. de A. | |
| 245 | 1 | _aEfeito da irrigacao na compactacao de latossolos argilosos submetidos ao uso agricola intenso | |
| 650 | _aIrrigacao por Pivo Central | ||
| 650 | _aCompactacao do Solo | ||
| 650 | _aLatossolo | ||
| 650 | _aSolo Argiloso | ||
| 773 | 0 |
_tEngenharia Agricola (Brazil) _xISSN 0100-9619 _g(1993), v. 13 p. 39-56 _wBR9800308 |
|
| 909 |
_a202311 _bLúcia _c55 _dLúcia Elande |
||
| 942 |
_2AGRIS _n0 _cANA |
||
| 999 |
_c157416 _d157416 |
||